000 09086nam2a22005651 4500
001 RU\NLR\A1\2386
005 20260608064420.0
035 _a(NLR Aleph) 009672404
090 _a13474119
_c13474119
100 _a19970603d1793 m y0rusy50 ca
101 1 _arus
_cfre
105 _aa z 000ay
135 _acrcn 024anaba
200 0 _aЧ.1
215 _a[4], 270 с., [1] л. ил.
316 _aЭкз. РНБ (18.152.4.20(ч.1)): ч.1-2 в одном. пер. В цельнокожаном коричневом пер. На нижней крышке пер. экслибрис Рус. фонда РНБ с шифром. Корешок с 5-ю бинтами и блинтовым тиснением оторван сверху и треснул. На корешке крас. и зелен с крас. вставкой кожаные наклейки. На крас. наклейке вытиснено загл.: «Вильгельм». На зеленой наклейке вытиснено: «1.2» Обрез тонир. желтый. На форзаце ярлык с шифром РНБ. На обороте тит. л. типогр. марка А.Г.Решетникова. Пер. испорчен водой и покоробился.
_5NLR: 18.152.4.20(ч.1)
316 _aЭкз. РНБ (138/22(ч.1)) в составном картон. пер., обтянутом мрамор. бумагой, с кожаным корешком и уголками. На нижней крышке пер. экслибрис Рус. фонда РНБ с шифром. Корешок гладкий с золотым тиснением и вытисн. золотом загл. "Вильгел" и номером тома "1" (корешок и позолота частично утрачены). На нахзаце техн. штамп. На обороте тит. л., с.33 и 270 круглый штамп ГПБ. На шмуцтитуле круглый штамп "Госуд. Публичн. библиотека. Дублет". Экз. деф.: отсутствует [1] л. ил. Экз. с вплетенным после тит. л. посвящ. П.А.Зубову на 6-ти ненум. с. Размер: 19х11,5х2,5 см
_5NLR: 138/22(ч.1)
316 _aЭкз. РНБ (138/22(ч.1)а): ч.1-2 в одном. пер. В цельнокожаном коричневом пер. На нижней крышке пер. ярлык с шифром РНБ. Корешок гладкий с золотым тиснением. На корешке крас. кожаная наклейка, с вытисн. загл.: «Вильгельм герой» и фрагмент бумаж. наклейкой. На форзаце ярлык с шифром РНБ (перечеркнут). На нахзаце техн. штамп. На шмуцтитуле круглый штамп "Госуд. Публичн. библиотека. Дублет". На обороте тит. л. и с.33 круглый штамп ГПБ. Экз. деф.: отсутствует [1] л. ил.
_5NLR: 138/22(ч.1)а
316 _aЭкз. РНБ (РЗФ 18 в. 3/904 (ч.1)): ч.1-2 в одном. пер. В цельнокожаном коричневом пер. На нижней крышке пер. экслибрис РЗФ РНБ с шифром. Корешок с 5-ю бинтами и блинтовым тиснением. На корешке крас. и чер. кожаные наклейки. На крас. наклейке вытиснено загл.: «Вильгельм». На зеленой наклейке вытиснено: «1 2» Обрез тонир. красный. На тит. л. круглый штамп "Госуд. Публичн. библиотека. Дублет". На обороте тит. л. типогр. марка А.Г.Решетникова. На с.29-30 дыра. Экз. деф.: отсутствует [1] л. ил.
_5NLR: РЗФ 18 в. 3/904 (ч.1)
316 _aЭкз. РНБ (РЗФ 18 в. 3/904 (ч.1)а): ч.1-2 в одном. пер. В цельнокожаном коричневом пер. На верхней крышке пер. бумаж. наклейка (не заполнена). На нижней крышке пер. экслибрис РЗФ РНБ с шифром. Корешок с 5-ю бинтами и блинтовым тиснением. На корешке крас. и чер. кожаные наклейки. На крас. наклейке вытиснено загл.: «Вильгельм». На зеленой наклейке вытиснено: «I. II.» Обрез тонир. красный. На тит. л. круглый штамп "Госуд. Публичн. библиотека. Дублет". На обороте тит. л. типогр. марка А.Г.Решетникова. Экз. деф.: отсутствует шмуцтит. и [1] л. ил.
_5NLR: РЗФ 18 в. 3/904 (ч.1)а
317 _aВ экз. РНБ (138/22(ч.1)) на форзаце экслибрис Б-ки для чтения А.Ф.Смирдина, с вписанным номером: 6120 (Богомолов 14508). На нахзаце сюжетный ярлык «Антикварная книжная торговля В.И.Клочкова»
_5NLR: 138/22(ч.1)
317 _aВ экз. РНБ (18.152.4.20(ч.1)) на форзаце экслибрис А.Н. Неустроева с вписанным номером 6720 (Богомолов 10498)
_5NLR: 18.152.4.20(ч.1)
317 _aВ экз. РНБ (РЗФ 18 в. 3/904 (ч.1)а) на обороте форзаца владельч. надпись: "Из книг Алексея Подтягина", на нахзаце шрифтовой ярлык «Антикварная книжная торговля В.И.Клочкова»
_5NLR: РЗФ 18 в. 3/904 (ч.1)а
325 _aКопия доступна в Электрон. б-ке РНБ
461 1 _1001RU\NLR\A1\2385
_12000#$aВильгельм знаменитый герой$eПоема в десяти песнях, изображающая живейшими чертами храбрость его, мужество, воинские подвиги, добродетель, любовь к отечеству, несчастия и торжества над оными$fСочиненная г. Битобе, члена Королевской Берлинской академии наук$gПеревел с французскаго языка Алексей Печенегов$vЧ.1
_1700#1$6z01700$aБитобе$bП.Ж.$f1732-1808$gПоль Жереми$4070
_1700#1$6z01700$7ba$aBitaubé$bP.J.$f1732-1808$gPaul Jérémie$4070
_99667737
_aБитобе, П. Ж. (1732-1808)
_cМосква
_d1793
_fСочиненная г. Битобе, члена Королевской Берлинской Академии наук.
_nВ вольной типографии А. Решетникова.
_oПоема в десяти песнях, изображающая живейшими чертами храбрость его, мужество, воинские подвиги, добродетель, любовь к Отечеству, несчастия и торжества над оными,
_tВильгельм знаменитый герой.
_vЧ.1
481 0 _1001RU\NLR\A1\2387
_913474120
_p235, [1] с., 1 [л.]
_tВильгельм знаменитый герой. - Ч.2
_uhttp://vivaldi.nlr.ru/bx000018185/view
702 1 _4390
_7ca
_8rus
_aКлочков
_bВ. И.
_fок.1861-1915
_gВасилий Иванович
_3RU\NLR\AUTH\770172651
_9172600
702 1 _aПодтягин
_bА.
_gАлексей
_5NLR: РЗФ 18 в. 3/904а (алл.1)
_4390
702 1 _4390
_7ca
_8rus
_aЗубов
_bП. А.
_f1767-1822
_gПлатон Александрович
_946865
_3RU\NLR\AUTH\7763936
702 1 _4390
_7ca
_8rus
_aНеустроев
_bА. Н.
_f1825-1902
_gАлександр Николаевич
_991681
_3RU\NLR\AUTH\77108756
702 1 _4390
_7ca
_8rus
_aСмирдин
_bА. Ф.
_f1795-1857
_gАлександр Филиппович
_947457
_3RU\NLR\AUTH\7764528
801 0 _aRU
_bNLR
_c19970603
852 _aNLR
_j18.152.4.20(ч.1)
852 _aNLR
_j138/22(ч.1)
_yЭкз. деф.
852 _aNLR
_j138/22(ч.1)а
_yЭкз. деф.
852 _aNLR
_bРЗФ
_j18 в. 3/904 (ч.1)
_yЭкз. деф.
852 _aNLR
_bРЗФ
_j18 в. 3/904 (ч.1)а
_yЭкз. деф.
856 0 _uhttp://vivaldi.nlr.ru/bx000018184/view
856 1 _uhttp://vivaldi.nlr.ru/bx000018184/cover
856 2 _uhttp://vivaldi.nlr.ru/bx000018184/text
942 _cBOOK
980 3 _akpcivil
980 3 _akp
980 _aA1XVIIIv
980 _aNB
981 2 0 _a(20) Книжные памятники РНБ
_b(20) Русский книжный фонд